Statistics for Oceanian Airports - Map Quiz

Click here to take the quiz!

General Stats

  • This quiz has been taken 153 times
  • The average score is 13 of 15

Answers on the Map

Answers color-coded by a green-red scale on the quiz's map according to % correct below.
 

Answer Stats

Answer% Correct
Perth Airport
94%
Melbourne Airport
92%
Auckland Airport
91%
Hobart Airport
91%
Sydney Airport
91%
Darwin Airport
90%
Nadi International Airport
88%
Brisbane Airport
87%
Adelaide Airport
84%
Canberra Airport
84%
Cairns Airport
83%
Wellington International Airport
82%
Christchurch Airport
77%
Gold Coast Airport
77%
Queenstown Airport
68%

Score Distribution

Percentile by Number Answered

Percent of People with Each Score

Your Score History

You have not taken this quiz